<?xml version="1.0" encoding="UTF-8"?>
<record
    xmlns:xsi="http://www.w3.org/2001/XMLSchema-instance"
    xsi:schemaLocation="http://www.loc.gov/MARC21/slim http://www.loc.gov/standards/marcxml/schema/MARC21slim.xsd"
    xmlns="http://www.loc.gov/MARC21/slim">

  <leader>00857nam a22002057a 4500</leader>
  <controlfield tag="003">BD-DhUL</controlfield>
  <controlfield tag="005">20170419102108.0</controlfield>
  <controlfield tag="008">170419s2017    b  pb||| |||| 00| 0 ben d</controlfield>
  <datafield tag="020" ind1=" " ind2=" ">
    <subfield code="a">9789845072793</subfield>
  </datafield>
  <datafield tag="040" ind1=" " ind2=" ">
    <subfield code="a">BD-DhUL</subfield>
    <subfield code="c">BD-DhUL</subfield>
  </datafield>
  <datafield tag="082" ind1=" " ind2=" ">
    <subfield code="2">22</subfield>
    <subfield code="a">954.92</subfield>
    <subfield code="b">RAB</subfield>
  </datafield>
  <datafield tag="100" ind1="1" ind2=" ">
    <subfield code="a">&#x9B0;&#x9B9;&#x9AE;&#x9BE;&#x9A8;, &#x9B6;&#x9C7;&#x996; &#x986;&#x9A4;&#x9BE;&#x989;&#x9B0; &#x964;</subfield>
  </datafield>
  <datafield tag="245" ind1="1" ind2="0">
    <subfield code="a">&#x9AC;&#x999;&#x9CD;&#x997;&#x9AC;&#x9A8;&#x9CD;&#x9A7;&#x9C1;&#x9B0; &#x9AA;&#x9CD;&#x9B0;&#x9C7;&#x9AE;&#x9C7;&#x9B0; &#x9A4;&#x9B0;&#x9C0; : </subfield>
    <subfield code="b">&#x99A;&#x9C7;&#x9A4;&#x9A8;&#x9BE;&#x9AF;&#x9BC; &#x98F;&#x995;&#x9BE;&#x9A4;&#x9CD;&#x9A4;&#x9B0; /</subfield>
    <subfield code="c">&#x9B6;&#x9C7;&#x996; &#x986;&#x9A4;&#x9BE;&#x989;&#x9B0; &#x9B0;&#x9B9;&#x9AE;&#x9BE;&#x9A8; &#x964;</subfield>
  </datafield>
  <datafield tag="260" ind1=" " ind2=" ">
    <subfield code="a">&#x9A2;&#x9BE;&#x995;&#x9BE; :</subfield>
    <subfield code="b">&#x9AA;&#x9BE;&#x9B0;&#x9BF;&#x99C;&#x9BE;&#x9A4; ,</subfield>
    <subfield code="c">&#x9E8;&#x9E6;&#x9E7;&#x9ED; &#x964;</subfield>
  </datafield>
  <datafield tag="300" ind1=" " ind2=" ">
    <subfield code="a">&#x9E7;&#x9E7;&#x9EC; &#x9AA;&#x9C3;., [&#x9E7;&#x9E7;] &#x9AA;&#x9C3;. &#x9AA;&#x9CD;&#x9B2;&#x9C7;&#x99F;&#x9B8; : </subfield>
    <subfield code="b">&#x99A;&#x9BF;&#x9A4;&#x9CD;&#x9B0;, &#x9AE;&#x9BE;&#x9A8;&#x99A;&#x9BF;&#x9A4;&#x9CD;&#x9B0; ; </subfield>
    <subfield code="c">&#x9E8;&#x9E8; &#x9B8;&#x9C7;&#x9AE;&#x9BF; .</subfield>
  </datafield>
  <datafield tag="365" ind1=" " ind2=" ">
    <subfield code="a">BDT</subfield>
    <subfield code="b">250</subfield>
  </datafield>
  <datafield tag="651" ind1=" " ind2="0">
    <subfield code="a">&#x9AC;&#x9BE;&#x982;&#x9B2;&#x9BE;&#x9A6;&#x9C7;&#x9B6; </subfield>
    <subfield code="x">&#x987;&#x9A4;&#x9BF;&#x9B9;&#x9BE;&#x9B8;</subfield>
  </datafield>
  <datafield tag="651" ind1=" " ind2="0">
    <subfield code="a">Bangladesh</subfield>
    <subfield code="x">History</subfield>
  </datafield>
  <datafield tag="942" ind1=" " ind2=" ">
    <subfield code="2">ddc</subfield>
    <subfield code="c">BK</subfield>
  </datafield>
  <datafield tag="999" ind1=" " ind2=" ">
    <subfield code="c">187675</subfield>
    <subfield code="d">187675</subfield>
  </datafield>
  <datafield tag="952" ind1=" " ind2=" ">
    <subfield code="0">0</subfield>
    <subfield code="1">0</subfield>
    <subfield code="2">ddc</subfield>
    <subfield code="4">0</subfield>
    <subfield code="6">954_920000000000000_RAB</subfield>
    <subfield code="7">1</subfield>
    <subfield code="8">NFIC</subfield>
    <subfield code="9">323930</subfield>
    <subfield code="a">DUL</subfield>
    <subfield code="b">DUL</subfield>
    <subfield code="c">BC</subfield>
    <subfield code="d">2017-03-17</subfield>
    <subfield code="e">purchased</subfield>
    <subfield code="o">954.92 RAB</subfield>
    <subfield code="p">500252</subfield>
    <subfield code="r">2017-04-19</subfield>
    <subfield code="t">1</subfield>
    <subfield code="w">2017-04-19</subfield>
    <subfield code="y">BK</subfield>
    <subfield code="z">Bangabandhu Corner</subfield>
  </datafield>
  <datafield tag="952" ind1=" " ind2=" ">
    <subfield code="0">0</subfield>
    <subfield code="1">0</subfield>
    <subfield code="2">ddc</subfield>
    <subfield code="4">0</subfield>
    <subfield code="6">954_920000000000000_RAB</subfield>
    <subfield code="7">1</subfield>
    <subfield code="8">NFIC</subfield>
    <subfield code="9">323932</subfield>
    <subfield code="a">DUL</subfield>
    <subfield code="b">DUL</subfield>
    <subfield code="c">BC</subfield>
    <subfield code="d">2017-03-17</subfield>
    <subfield code="e">purchased</subfield>
    <subfield code="o">954.92 RAB</subfield>
    <subfield code="p">500253</subfield>
    <subfield code="r">2017-04-19</subfield>
    <subfield code="t">2</subfield>
    <subfield code="w">2017-04-19</subfield>
    <subfield code="y">BK</subfield>
    <subfield code="z">Bangabandhu Corner</subfield>
  </datafield>
</record>
